|
|
|
|
| LEADER |
01023nam a2200241 a 4500 |
| 001 |
4432170 |
| 008 |
101007s1995 njua b 001 0 eng d |
| 010 |
|
|
|a 94011423
|
| 020 |
|
|
|a 9788131715710
|
| 020 |
|
|
|a 0131774115
|
| 040 |
|
|
|a DLC
|c DLC
|d DLC
|d BD-DhAAL
|
| 082 |
0 |
0 |
|a 005.1/4
|2 20
|
| 100 |
1 |
|
|a Marick, Brian.
|
| 245 |
1 |
4 |
|a The craft of software testing :
|b subsystem testing including object-based and object-oriented testing /
|c Brian Marick.
|
| 260 |
|
|
|a Englewood Cliffs, N.J.;
|a New Delhi :
|b Pearson Education/Dorling Kindersley (India),
|c c1995.
|
| 300 |
|
|
|a xxvii, 553 p. :
|b ill. ;
|c 25 cm.
|
| 490 |
0 |
|
|a Prentice Hall series in innovative technology
|
| 504 |
|
|
|a Includes bibliographical references (p. 523-528) and index.
|
| 541 |
1 |
|
|e 00021263
|
| 650 |
|
0 |
|a Computer software
|x Testing.
|
| 852 |
4 |
|
|a Ayesha Abed Library
|j General Shelf.
|
| 999 |
|
|
|c 9688
|d 9688
|
| 952 |
|
|
|0 0
|1 0
|2 ddc
|4 0
|6 005_140000000000000_MAR_1995
|7 0
|9 12324
|a BRACUL
|b BRACUL
|c GEN
|d 2010-10-10
|l 0
|o 005.14 MAR
|p 3010021263
|r 2010-10-10
|t 1
|w 2010-10-10
|y BK
|